Investigación de mercados (Registro nro. 2899)
[ vista simple ]
| 000 -LEADER | |
|---|---|
| fixed length control field | 01420 a2200217 4500 |
| 001 - CONTROL NUMBER | |
| control field | 38539 |
| 005 - DATE AND TIME OF LATEST TRANSACTION | |
| control field | 20260407155648.0 |
| 008 - FIXED-LENGTH DATA ELEMENTS--GENERAL INFORMATION | |
| fixed length control field | 260407a1985 arg spa d |
| 003 - CONTROL NUMBER IDENTIFIER | |
| control field | AR-UNSa-BCEJYS |
| 040 ## - CATALOGING SOURCE | |
| Original cataloging agency | AR-UNSa-BCEJYS |
| Language of cataloging | spa |
| Transcribing agency | AR-UNSa-BCEJYS |
| 080 ## - UNIVERSAL DECIMAL CLASSIFICATION NUMBER | |
| Universal Decimal Classification number | 658.8.012.12 |
| Common auxiliary subdivision | Investigación de mercados |
| 020 ## - INTERNATIONAL STANDARD BOOK NUMBER | |
| International Standard Book Number | 968-25-0746-4 |
| 100 1# - MAIN ENTRY--PERSONAL NAME | |
| Personal name | Day, George S. |
| 245 10 - TITLE STATEMENT | |
| Title | Investigación de mercados |
| Name of part/section of a work | toma de decisiones del sector público y privado |
| 264 #1 - PRODUCTION, PUBLICATION, DISTRIBUTION, MANUFACTURE, AND COPYRIGHT NOTICE | |
| Place of production, publication, distribution, manufacture | México : |
| Name of producer, publisher, distributor, manufacturer | Interamericana |
| Date of production, publication, distribution, manufacture, or copyright notice | 1985 |
| 300 ## - PHYSICAL DESCRIPTION | |
| Extent | xvi, 590 p. |
| Dimensions | 24 cm. |
| 505 ## - FORMATTED CONTENTS NOTE | |
| Formatted contents note | 1. Perspectiva general de la investigación de mercados en la toma de decisiones - 2. El proceso de investigación - 3. Diseño y realización de la investigación - 4. Recolección de información: métodos cualitativos y de observación - 5. Información recibida de los entrevistados: métodos de encuesta - 6. Diseño de cuestionario - 7. Medición de actitudes - 8. Aplicaciones de mediciones de actitudes a los problemas de mercadotecnia - 9. Muestreo - 10. Tamaño de la muestra y teoría estadística - 11. Experimentación - 12. Principios del análisis de información - 13. Comprobación de hipotesis - 14. Introducción de una tercera variable - 15. Análisis factorial - 16. Escalas de dimensiones múltiples y el análisis de grupos - 17. Análisis de regresión. |
| 590 ## - LOCAL NOTE (RLIN) | |
| Local note | niveau_biblio:m niveau_hierar:0 |
| 700 1# - ADDED ENTRY--PERSONAL NAME | |
| Personal name | Aaker, David A. |
| 942 ## - ADDED ENTRY ELEMENTS (KOHA) | |
| Koha item type | |
| Withdrawn status | Lost status | Damaged status | Not for loan | Home library | Current library | Shelving location | Date acquired | Total checkouts | Full call number | Barcode | Date last seen | Price effective from | Koha item type |
|---|---|---|---|---|---|---|---|---|---|---|---|---|---|
| Biblioteca Prof. Eusebio Cleto del Rey | Biblioteca Prof. Eusebio Cleto del Rey | 07/04/2026 | 658.8.012.12 A111 | L45455 | 07/04/2026 | 07/04/2026 | Libro |